Statistics for Dwarf Planets In Our Solar System

Click here to take the quiz!

General Stats

  • This quiz has been taken 389 times
  • The average score is 3 of 5

Answer Stats

Answer% Correct
Pluto
92%
Ceres
71%
Eris
70%
Makemake
67%
Haumea
47%

Score Distribution

Percentile by Number Answered

Percent of People with Each Score

Your Score History

You have not taken this quiz